000 01111nas a2200349 4500
001 BR0403507
003 BR-BrBNA
005 20231205104717.0
007 ta
008 230509b bl.|||p| |||| 00| 00por d
040 _aBR-BrBNA
_bpor
_cBiblioteca Nacional de Agricultura
041 _a(Pt)
072 _aL53
100 1 _aMaffili, V.V.
100 1 _aTorres, C.A.A.
100 1 _aCarvalho, G.R.
100 1 _aAmorim, L.S.
100 1 _aMoraes, E.A.
100 1 _aFurst, R.
245 1 _aEfeito do horário de aplicação e dosagem de somatropina bovina recombinante sobre o número, qualidade e taxa de desenvolvimento in vitro de embriões obtidos de camundongas superovuladas
650 _aCAMUNDONGO
650 _aHORMÔNIO ANIMAL
650 _aDOSE
650 _aBOVINO
650 _aSUPEROVULAÇÃO
650 _aCULTURA IN VITRO
650 _aEMBRIÃO
650 _aQUALIDADE
773 0 _tRevista Brasileira de Reprodução Animal (Brazil)
_xISSN 0102-0803
_g(Oct-Dec 2003), v. 27(4) p. 689-694
_wBR0403507
909 _a202311
_bLúcia
_c55
_dLúcia Elande
942 _2AGRIS
_n0
_cANA
999 _c179371
_d179371